[Event "Sachsen-ch U12"]
[Site "Sebnitz"]
[Date "2011.04.28"]
[Round "4"]
[White "Essler, Oskar"]
[Black "Walczak, Charley"]
[Result "1/2-1/2"]
[WhiteElo "1511"]
[BlackElo "1435"]
[PlyCount "40"]
[EventDate "2011.04.26"]
[EventType "swiss"]
[EventRounds "7"]
[EventCountry "GER"]
[SourceTitle "EXT 2012"]
[Source "ChessBase"]
[SourceDate "2011.11.24"]
[SourceVersion "1"]
[SourceVersionDate "2011.11.24"]
[SourceQuality "1"]

1. e4 c5 2. Nf3 e6 3. d4 cxd4 4. Nxd4 Nc6 5. Nc3 Bc5 6. Be3 Qb6 7. Na4 Qa5+ 8. c3 Bxd4 9. Bxd4 Nxd4 10. Qxd4 e5 11. Qb4 Qxb4 12. cxb4 Nf6 13. Nc3 b6 14. Bc4 Bb7 15. f3 Rc8 16. Bb3 Ke7 17. Kf2 Rhd8 18. Rhd1 d6 19. Rd2 a6 20. Rad1 Rc7 1/2-1/2

[Event "Sachsen-ch U12"]
[Site "Sebnitz"]
[Date "2011.04.27"]
[Round "3"]
[White "Urban, Konstantin"]
[Black "Essler, Oskar"]
[Result "1/2-1/2"]
[WhiteElo "1677"]
[BlackElo "1511"]
[PlyCount "78"]
[EventDate "2011.04.26"]
[EventType "swiss"]
[EventRounds "7"]
[EventCountry "GER"]
[SourceTitle "EXT 2012"]
[Source "ChessBase"]
[SourceDate "2011.11.24"]
[SourceVersion "1"]
[SourceVersionDate "2011.11.24"]
[SourceQuality "1"]

1. e4 e6 2. d4 d5 3. Nd2 c5 4. exd5 exd5 5. Ngf3 Nc6 6. dxc5 Bxc5 7. Nb3 Bd6 8. Be2 Nge7 9. 0-0 0-0 10. c3 Bf5 11. Bd3 Be4 12. Bxe4 dxe4 13. Ng5 Ng6 14. Nxe4 Bxh2+ 15. Kxh2 Qh4+ 16. Kg1 Qxe4 17. Re1 Qf5 18. Be3 Rad8 19. Qe2 Rfe8 20. Rad1 b6 21. Rxd8 Rxd8 22. Nd4 Nxd4 23. Bxd4 h6 24. Qe4 Qb5 25. b3 Qd7 26. f4 Nh4 27. Qe7 Qxe7 28. Rxe7 Nf5 29. Rxa7 Nxd4 30. cxd4 Rxd4 31. g3 g5 32. fxg5 hxg5 33. Kf2 Kg7 34. Ke3 Rb4 35. Rd7 Rb5 36. g4 Kf6 37. b4 Re5+ 38. Kd3 b5 39. Rd6+ Re6 1/2-1/2

[Event "GER-ch U12"]
[Site "Oberhof"]
[Date "2010.05.24"]
[Round "3"]
[White "Wendland, Tobias"]
[Black "Essler, Oskar"]
[Result "1-0"]
[WhiteElo "1630"]
[BlackElo "1568"]
[PlyCount "87"]
[EventDate "2010.05.22"]
[EventType "swiss"]
[EventRounds "11"]
[EventCountry "GER"]
[SourceTitle "CBM 136 Extra"]
[Source "ChessBase"]
[SourceDate "2010.07.02"]
[SourceVersion "2"]
[SourceVersionDate "2010.07.15"]
[SourceQuality "1"]

1. d4 d5 2. c4 e6 3. Nc3 c5 4. Nf3 Nf6 5. Bg5 Be7 6. e3 cxd4 7. Nxd4 e5 8. Nf3 Bg4 9. Bxf6 Bxf6 10. cxd5 0-0 11. Be2 Qb6 12. Qd2 Rd8 13. e4 Nc6 14. 0-0 Bxf3 15. Bxf3 Nd4 16. Be2 h6 17. Rac1 Bg5 18. Qd3 Bxc1 19. Rxc1 Qxb2 20. Rb1 Nxe2+ 21. Nxe2 Qxa2 22. f4 exf4 23. Nxf4 Rac8 24. Rf1 Rc2 25. Qg3 Qc4 26. Nh5 Qd4+ 27. Kh1 Rc3 28. Qf4 Rf8 29. Qf5 Qb6 30. Qe5 Qg6 31. Qxc3 Qxh5 32. d6 Qe2 33. Re1 Qa6 34. e5 f6 35. d7 fxe5 36. Qc8 Qd6 37. Rf1 Kh7 38. Qxf8 Qxd7 39. Qf5+ Qxf5 40. Rxf5 e4 41. Re5 a6 42. Rxe4 b5 43. Re6 a5 44. Re5 1-0

[Event "GER-ch U12"]
[Site "Oberhof"]
[Date "2010.05.23"]
[Round "2"]
[White "Essler, Oskar"]
[Black "Hamid, Emran"]
[Result "0-1"]
[WhiteElo "1568"]
[BlackElo "1700"]
[PlyCount "116"]
[EventDate "2010.05.22"]
[EventType "swiss"]
[EventRounds "11"]
[EventCountry "GER"]
[SourceTitle "CBM 136 Extra"]
[Source "ChessBase"]
[SourceDate "2010.07.02"]
[SourceVersion "2"]
[SourceVersionDate "2010.07.15"]
[SourceQuality "1"]

1. e4 e5 2. f4 Bc5 3. Nf3 d6 4. Bc4 Nf6 5. Nc3 Nc6 6. f5 Bd7 7. d3 h6 8. h3 Qe7 9. Qe2 Nd4 10. Nxd4 Bxd4 11. Nb5 Bxb5 12. Bxb5+ c6 13. Bc4 Nd7 14. g3 a5 15. c3 Bc5 16. Be3 a4 17. d4 exd4 18. Bxd4 Bxd4 19. cxd4 0-0 20. h4 Rfe8 21. Bd3 Nf6 22. Kd1 Nxe4 23. Re1 d5 24. Bxe4 Qxe4 25. Qxe4 dxe4 26. Kc2 Ra5 27. g4 h5 28. Rg1 hxg4 29. f6 g6 30. Rxg4 Rf5 31. Re1 Rf2+ 32. Kc3 e3 33. Rg3 e2 34. Kd2 Rxf6 35. Rxe2 Rxe2+ 36. Kxe2 Kh7 37. Ra3 b5 38. Ke3 Kh6 39. Rd3 Rd6 40. Kf4 f6 41. b3 axb3 42. axb3 Kh5 43. Rd2 Rd5 44. b4 Rf5+ 45. Kg3 g5 46. hxg5 fxg5 47. Rh2+ Kg6 48. Rc2 Rf6 49. Rc5 Rd6 50. d5 cxd5 51. Rxb5 d4 52. Rc5 d3 53. Rc1 d2 54. Rd1 Kf5 55. b5 Ke4 56. b6 Kd3 57. Rb1 Rd8 58. b7 Rb8 0-1

[Event "GER-ch U10"]
[Site "Willingen"]
[Date "2009.05.31"]
[Round "2"]
[White "Essler, Oskar"]
[Black "Mehsin, Yazan"]
[Result "0-1"]
[WhiteElo "1341"]
[BlackElo "1180"]
[PlyCount "136"]
[EventDate "2009.05.30"]
[EventType "swiss"]
[EventRounds "11"]
[EventCountry "GER"]
[SourceTitle "EXT 2010"]
[Source "ChessBase"]
[SourceDate "2010.11.25"]
[SourceVersion "1"]
[SourceVersionDate "2010.11.25"]
[SourceQuality "1"]

1. e4 e5 2. Nf3 Nf6 3. Nc3 Nc6 4. Bc4 Bb4 5. d3 0-0 6. a3 Bxc3+ 7. bxc3 d5 8. exd5 Nxd5 9. 0-0 Bg4 10. Bb2 Nf6 11. h3 Bh5 12. d4 e4 13. g4 Bxg4 14. hxg4 exf3 15. Qxf3 Qd7 16. Be2 Rfe8 17. g5 Ne4 18. Qf4 Nxg5 19. Bg4 Nh3+ 20. Bxh3 Qxh3 21. Rfe1 Red8 22. Qxc7 Rd5 23. Qf4 Rf5 24. Qe3 Qg4+ 25. Qg3 Qh5 26. Qe3 Rg5+ 27. Kf1 h6 28. c4 Qg4 29. d5 Rh5 30. Qg3 Qxc4+ 31. Re2 Rg5 32. Qc7 Qxd5 33. Qh2 Nd4 34. Bxd4 Qxd4 35. Rae1 Qd5 36. Re5 Qc4+ 37. R5e2 Rd8 38. Qh1 Rd4 39. f3 Rh4 40. Qg2 Rxg2 41. Kxg2 Rh5 42. Re8+ Kh7 43. R8e2 Qh4 44. Re4 Rg5+ 45. Kf1 Qg3 46. Ke2 Rh5 47. Kd1 Qxf3+ 48. Kc1 Rd5 49. R4e3 Qf4 50. Kb1 Qd4 51. Rd3 Qb6+ 52. Kc1 Rb5 53. Rde3 Rb1+ 54. Kd2 Qa5+ 55. Rc3 Qd5+ 56. Rd3 Qg2+ 57. Re2 Qg5+ 58. Ree3 Qg1 59. a4 f5 60. Kc3 f4 61. Rf3 Qe1+ 62. Rd2 Qe5+ 63. Kd3 Qd5+ 64. Ke2 Re1+ 65. Kxe1 Qxf3 66. Rf2 Qe3+ 67. Kf1 h5 68. Kg2 h4 0-1